| 000 | 00496nam a2200157 a 4500 | ||
|---|---|---|---|
| 001 | 000037881 | ||
| 005 | 20201002031130.0 | ||
| 008 | 130307s2012 dr 000 0 spa d | ||
| 020 | _a9781608624225 | ||
| 040 |
_aDO-SdBNP _bspa _cBNPHU |
||
| 100 | 1 |
_aMontaña, Hermy de la _964325 |
|
| 245 | 1 | 0 |
_aDetrás de un sueño / _cHermy de un sueño. |
| 260 |
_aMontgomery, Alabama : _bE-Book Time, _c2012. |
||
| 300 |
_a145 p. ; _c24 cm. |
||
| 500 | _aIncluye datos biográficos del autor en la contraportada | ||
| 999 |
_c37371 _d37371 |
||